000 00520nam a2200193 a 4500
005 20140310183457.0
008 091127s19uu xx 00 eng d
020 _a9789810697181
050 _aBF 990
_b.C568 2009
100 _aCiccarelli, Saundra
245 _aPsychology. /
_cSaundra K. Ciccarelli.
260 _aSingapore :
_bPrentice Hall,
_c2009.
300 _a635 p. :
_bill. ;
_c25 cm.
521 _aPSYCH
650 _aPsychology.
700 _aWhite, Noland J.
942 _cBK
_2lcc
_kFOR
999 _c23673
_d23673